000 00708nam a2200289Ia 4500
005 20260324120552.0
008 008 260324s9999 xx 000 0 eng d
020 _a9781315574684
037 _aEBOOK
040 _aCRL
040 _beng
040 _cCRL
041 _2eng
041 _aeng
084 _qCRL
100 _aPhil Jones; Saskia Warren
_91159090
245 0 _aCreative Economies, Creative Communities
245 0 _bRethinking Place, Policy and Practice
260 _bTaylor and Francis
260 _c2015
365 _a
365 _b230
856 _uhttp://www.taylorfrancis.com/books/9781315574684
942 _cEBOOK
999 _c1750696
_d1750696